[Event "HUN-chT2 Toth 2324"]
[Site "Hungary"]
[Date "2024.04.21"]
[Round "8.4"]
[White "Kulcsar, Jozsef"]
[Black "Visnyei, Illes"]
[Result "1/2-1/2"]
[WhiteElo "1986"]
[BlackElo "2013"]
[PlyCount "45"]
[EventDate "2023.10.08"]
[EventType "team-tourn"]
[EventRounds "9"]
[EventCountry "HUN"]
[SourceTitle "EXT 2025"]
[Source "ChessBase"]
[SourceDate "2024.10.14"]
[SourceVersion "1"]
[SourceVersionDate "2024.10.14"]
[SourceQuality "1"]
[WhiteTeam "Oroshaza"]
[BlackTeam "Bekes"]
[WhiteTeamCountry "HUN"]
[BlackTeamCountry "HUN"]

1. f4 d5 2. Nf3 Nf6 3. e3 Bf5 4. b3 h6 5. Bb2 e6 6. Be2 Bd6 7. 0-0 0-0 8. d3 Bc5 9. d4 Be7 10. Ne5 Nfd7 11. Bd3 Bxd3 12. Qxd3 Nxe5 13. fxe5 Nd7 14. Nd2 Rc8 15. c4 c6 16. Rf2 dxc4 17. Qxc4 b5 18. Qe2 Qb6 19. Ne4 c5 20. Raf1 cxd4 21. exd4 f5 22. exf6 Nxf6 23. Nxf6+ 1/2-1/2